[Event "2019 Tom Weston Open Major"]
[Site "Cardiff"]
[Date "2019.04.19"]
[Round "2.3"]
[White "Buttell, David"]
[Black "Mcintosh, Rachel"]
[Result "1-0"]
[WhiteElo "1809"]
[BlackElo "1502"]
[PlyCount "89"]
[EventDate "2019.04.19"]
[EventType "swiss"]
[EventRounds "7"]
[EventCountry "WLS"]

1. d4 {[%emt 0:00:05]} Nf6 {[%emt 0:00:19]} 2. c4 {[%emt 0:00:13]} g6 {[%emt 0:
01:10]} 3. Nc3 {[%emt 0:00:12]} Bg7 {[%emt 0:00:30]} 4. e4 {[%emt 0:00:09]} d6
{[%emt 0:00:20]} 5. f3 {[%emt 0:00:08]} O-O {[%emt 0:01:01]} 6. Be3 {[%emt 0:
00:07]} e5 {[%emt 0:01:58]} 7. d5 {[%emt 0:00:10]} Nfd7 {[%emt 0:05:03]} 8. Bd3
{[%emt 0:01:00]} f5 {[%emt 0:04:20]} 9. Nge2 {[%emt 0:00:39]} Nf6 {[%emt 0:02:
37]} 10. Qd2 {[%emt 0:00:24]} f4 {[%emt 0:02:35]} 11. Bf2 {[%emt 0:00:07]} g5 {
[%emt 0:02:29]} 12. h3 {[%emt 0:00:25]} Qe7 {[%emt 0:04:17]} 13. b4 {[%emt 0:
02:22]} h5 {[%emt 0:03:01]} 14. Nc1 {[%emt 0:05:29]} Bh6 {[%emt 0:09:30]} 15.
Nb3 {[%emt 0:00:36]} Qg7 {[%emt 0:04:42]} 16. O-O-O {[%emt 0:01:33]} g4 {
[%emt 0:04:42]} 17. hxg4 {[%emt 0:00:18]} hxg4 {[%emt 0:00:52]} 18. Rdg1 {
[%emt 0:02:17]} Kf7 {[%emt 0:02:46]} 19. Kb2 {[%emt 0:02:01]} Rh8 {[%emt 0:03:
12]} 20. c5 {[%emt 0:01:48]} Bd7 {[%emt 0:03:36]} 21. b5 {[%emt 0:03:15]} Bg5 {
[%emt 0:03:10]} 22. c6 {[%emt 0:02:02]} Bc8 {[%emt 0:02:42]} 23. cxb7 {[%emt 0:
00:39]} Bxb7 {[%emt 0:00:27]} 24. Na5 {[%emt 0:00:20]} Bc8 {[%emt 0:01:00]} 25.
Nc6 {[%emt 0:01:53]} Nxc6 {[%emt 0:03:52]} 26. bxc6 {[%emt 0:01:24]} g3 {
[%emt 0:01:24]} 27. Be1 {[%emt 0:07:49]} a6 {[%emt 0:05:18]} 28. Ka1 {[%emt 0:
01:53]} Rh6 {[%emt 0:03:33]} 29. Qe2 {[%emt 0:02:01]} Qh7 {[%emt 0:01:52]} 30.
Rxh6 {[%emt 0:01:33]} Qxh6 {[%emt 0:01:23]} 31. Nd1 {[%emt 0:04:55]} Ng8 {
[%emt 0:02:49]} 32. Nb2 {[%emt 0:01:02]} Ne7 {[%emt 0:01:56]} 33. Nc4 {[%emt 0:
00:40]} Ng6 {[%emt 0:01:32]} 34. Ba5 {[%emt 0:03:00]} Ra7 {[%emt 0:02:22]} 35.
Qb2 {[%emt 0:04:31]} Qh2 {[%emt 0:04:21]} 36. Rb1 {[%emt 0:00:09]} Ra8 {
[%emt 0:04:18]} 37. Bxc7 {[%emt 0:00:15]} Be7 {[%emt 0:01:01]} 38. Bxd6 {
[%emt 0:01:05]} Bxd6 {[%emt 0:01:05]} 39. Nxd6+ {[%emt 0:00:11]} Kf6 {[%emt 0:
01:34]} 40. Nxc8 {[%emt 0:02:12]} Rxc8 {[%emt 0:02:13]} 41. Bxa6 {[%emt 0:01:
40]} Rf8 {[%emt 0:02:51]} 42. c7 {[%emt 0:00:34]} Ne7 {[%emt 0:00:44]} 43. d6 {
[%emt 0:01:25]} Nc8 {[%emt 0:04:19]} 44. d7 {[%emt 0:00:25]} Qh8 {[%emt 0:02:
18]} 45. Bxc8 {[%emt 0:01:50]} 1-0

[Event "2019 Tom Weston Open Major"]
[Site "Cardiff"]
[Date "2019.04.19"]
[Round "2.4"]
[White "Quinn, Peter"]
[Black "Mcintosh, David"]
[Result "1/2-1/2"]
[WhiteElo "1784"]
[BlackElo "1484"]
[PlyCount "90"]
[EventDate "2019.04.19"]
[EventType "swiss"]
[EventRounds "7"]
[EventCountry "WLS"]

1. e4 {[%emt 0:00:09]} c6 {[%emt 0:00:09]} 2. d4 {[%emt 0:00:18]} d5 {[%emt 0:
00:07]} 3. Nc3 {[%emt 0:00:19]} dxe4 {[%emt 0:00:11]} 4. Nxe4 {[%emt 0:00:17]}
Bf5 {[%emt 0:00:09]} 5. Ng3 {[%emt 0:00:20]} Bg6 {[%emt 0:00:16]} 6. f4 {
[%emt 0:01:03]} e6 {[%emt 0:01:50]} 7. Nf3 {[%emt 0:00:59]} Nd7 {[%emt 0:00:49]
} 8. Bd3 {[%emt 0:05:15]} Bxd3 {[%emt 0:00:51]} 9. Qxd3 {[%emt 0:00:30]} Ngf6 {
[%emt 0:01:13]} 10. Bd2 {[%emt 0:03:55]} c5 {[%emt 0:02:47]} 11. f5 {[%emt 0:
06:01]} Qb6 {[%emt 0:05:11]} 12. Bc3 {[%emt 0:06:37]} cxd4 {[%emt 0:02:23]} 13.
Bxd4 {[%emt 0:01:32]} Bc5 {[%emt 0:00:23]} 14. O-O-O {[%emt 0:01:33]} Bxd4 {
[%emt 0:01:38]} 15. Nxd4 {[%emt 0:04:25]} e5 {[%emt 0:05:10]} 16. Nb5 {[%emt 0:
05:56]} O-O {[%emt 0:01:11]} 17. Nd6 {[%emt 0:02:17]} Rad8 {[%emt 0:05:26]} 18.
Qf3 {[%emt 0:03:42]} Nc5 {[%emt 0:03:00]} 19. Nge4 {[%emt 0:07:58]} Ncxe4 {
[%emt 0:05:22]} 20. Nxe4 {[%emt 0:00:26]} Nxe4 {[%emt 0:00:34]} 21. Qxe4 {
[%emt 0:01:02]} f6 {[%emt 0:00:51]} 22. Rd5 {[%emt 0:03:07]} Qc6 {[%emt 0:02:
50]} 23. Rhd1 {[%emt 0:01:19]} Rxd5 {[%emt 0:00:48]} 24. Qxd5+ {[%emt 0:02:34]}
Qxd5 {[%emt 0:00:47]} 25. Rxd5 {[%emt 0:00:22]} g6 {[%emt 0:06:34]} 26. fxg6 {
[%emt 0:01:45]} hxg6 {[%emt 0:00:07]} 27. Kd2 {[%emt 0:00:18]} e4 {[%emt 0:01:
11]} 28. Ke3 {[%emt 0:00:22]} f5 {[%emt 0:00:46]} 29. g3 {[%emt 0:00:43]} Rf7 {
[%emt 0:03:43]} 30. Rd8+ {[%emt 0:00:46]} Kg7 {[%emt 0:00:15]} 31. c4 {[%emt 0:
00:58]} Kf6 {[%emt 0:01:06]} 32. Rd6+ {[%emt 0:03:06]} Kg5 {[%emt 0:00:56]} 33.
b4 {[%emt 0:03:09]} Kh5 {[%emt 0:00:47]} 34. h3 {[%emt 0:04:25]} g5 {[%emt 0:
02:41]} 35. g4+ {[%emt 0:08:29]} fxg4 {[%emt 0:00:17]} 36. hxg4+ {[%emt 0:00:
33]} Kxg4 {[%emt 0:00:17]} 37. Kxe4 {[%emt 0:00:46]} Re7+ {[%emt 0:01:37]} 38.
Kd3 {[%emt 0:00:24]} Kg3 {[%emt 0:01:23]} 39. c5 {[%emt 0:01:04]} g4 {[%emt 0:
00:44]} 40. b5 {[%emt 0:00:31]} Kf4 {[%emt 0:03:18]} 41. c6 {[%emt 0:01:03]} g3
{[%emt 0:02:57]} 42. Rd7 {[%emt 0:06:22]} Re3+ {[%emt 0:12:24]} 43. Kd4 {
[%emt 0:00:35]} Re4+ {[%emt 0:00:43]} 44. Kd3 {[%emt 0:00:22]} Re3+ {[%emt 0:
01:16]} 45. Kd4 {[%emt 0:00:14]} Re4+ {[%emt 0:08:03]} 1/2-1/2

[Event "2019 Tom Weston Open Major"]
[Site "Cardiff"]
[Date "2019.04.19"]
[Round "2.5"]
[White "Van Veelen, Thomas"]
[Black "Fraser, Susanna"]
[Result "1-0"]
[WhiteElo "2056"]
[BlackElo "1649"]
[PlyCount "109"]
[EventDate "2019.04.19"]
[EventType "swiss"]
[EventRounds "7"]
[EventCountry "WLS"]

1. d4 {[%emt 0:00:03]} d5 {[%emt 0:00:05]} 2. c4 {[%emt 0:00:05]} e6 {[%emt 0:
00:08]} 3. Nc3 {[%emt 0:00:10]} Nf6 {[%emt 0:00:12]} 4. Nf3 {[%emt 0:00:15]}
Be7 {[%emt 0:00:19]} 5. Bg5 {[%emt 0:00:17]} O-O {[%emt 0:00:19]} 6. e3 {
[%emt 0:00:06]} Nbd7 {[%emt 0:00:45]} 7. Qc2 {[%emt 0:00:22]} c5 {[%emt 0:00:
42]} 8. Rd1 {[%emt 0:00:49]} b6 {[%emt 0:01:06]} 9. dxc5 {[%emt 0:02:22]} Nxc5
{[%emt 0:01:38]} 10. cxd5 {[%emt 0:00:24]} exd5 {[%emt 0:02:08]} 11. Bxf6 {
[%emt 0:06:09]} Bxf6 {[%emt 0:00:08]} 12. Nxd5 {[%emt 0:00:17]} Bb7 {[%emt 0:
04:38]} 13. Bc4 {[%emt 0:25:28]} Rc8 {[%emt 0:04:47]} 14. O-O {[%emt 0:02:25]}
Qd6 {[%emt 0:20:46]} 15. Qe2 {[%emt 0:19:10]} Bxd5 {[%emt 0:04:10]} 16. Bxd5 {
[%emt 0:02:27]} Qe7 {[%emt 0:00:21]} 17. Nd4 {[%emt 0:01:50]} Bxd4 {[%emt 0:06:
45]} 18. Rxd4 {[%emt 0:00:21]} Rcd8 {[%emt 0:00:16]} 19. Rfd1 {[%emt 0:00:27]}
h6 {[%emt 0:01:24]} 20. g3 {[%emt 0:11:16]} Nd7 {[%emt 0:03:24]} 21. Re4 {
[%emt 0:08:06]} Qg5 {[%emt 0:04:37]} 22. Qg4 {[%emt 0:02:23]} Qf6 {[%emt 0:04:
11]} 23. b4 {[%emt 0:02:09]} Qb2 {[%emt 0:03:30]} 24. Re7 {[%emt 0:03:30]} Ne5
{[%emt 0:09:56]} 25. Qh5 {[%emt 0:03:15]} Rde8 {[%emt 0:00:32]} 26. Rxe8 {
[%emt 0:03:23]} Rxe8 {[%emt 0:00:18]} 27. f4 {[%emt 0:01:01]} g6 {[%emt 0:02:
35]} 28. Qxh6 {[%emt 0:03:43]} Qe2 {[%emt 0:00:39]} 29. Rf1 {[%emt 0:00:12]}
Qxe3+ {[%emt 0:01:15]} 30. Kh1 {[%emt 0:00:15]} Qd3 {[%emt 0:01:46]} 31. Bg2 {
[%emt 0:00:35]} Ng4 {[%emt 0:10:19]} 32. Qg5 {[%emt 0:00:58]} Nf2+ {[%emt 0:02:
09]} 33. Kg1 {[%emt 0:00:27]} Ne4 {[%emt 0:02:23]} 34. Bxe4 {[%emt 0:00:47]}
Rxe4 {[%emt 0:01:26]} 35. f5 {[%emt 0:00:45]} Qd4+ {[%emt 0:04:54]} 36. Kg2 {
[%emt 0:00:04]} Qb2+ {[%emt 0:02:56]} 37. Rf2 Re2 {[%emt 0:01:48]} 38. Rxe2
Qxe2+ {[%emt 0:00:22]} 39. Kh3 Qxa2 40. fxg6 {[%emt 0:02:38]} Qe6+ {[%emt 0:00:
05]} 41. Kg2 {[%emt 0:05:45]} Qxg6 {[%emt 0:00:53]} 42. Qxg6+ {[%emt 0:02:15]}
fxg6 {[%emt 0:04:18]} 43. b5 {[%emt 0:00:04]} Kf7 {[%emt 0:00:19]} 44. Kf3 {
[%emt 0:00:01]} Ke6 {[%emt 0:00:50]} 45. Ke4 {[%emt 0:00:05]} Kd6 {[%emt 0:00:
32]} 46. h4 {[%emt 0:03:13]} Kc5 {[%emt 0:00:23]} 47. g4 {[%emt 0:00:13]} Kxb5
{[%emt 0:04:46]} 48. h5 {[%emt 0:00:22]} gxh5 {[%emt 0:00:09]} 49. gxh5 {
[%emt 0:00:02]} a5 {[%emt 0:00:26]} 50. h6 {[%emt 0:00:10]} Kb4 {[%emt 0:00:22]
} 51. h7 {[%emt 0:00:08]} b5 {[%emt 0:00:04]} 52. h8=Q {[%emt 0:00:07]} Ka3 {
[%emt 0:00:07]} 53. Qa1+ {[%emt 0:00:17]} Kb4 {[%emt 0:00:11]} 54. Kd4 {
[%emt 0:00:14]} a4 {[%emt 0:00:39]} 55. Qc3# {[%emt 0:00:02]} 1-0

[Event "2019 Tom Weston Open Major"]
[Site "Cardiff"]
[Date "2019.04.19"]
[Round "2.6"]
[White "Robinson, David"]
[Black "Parri, Deio"]
[Result "1-0"]
[WhiteElo "1905"]
[BlackElo "1652"]
[PlyCount "43"]
[EventDate "2019.04.19"]
[EventType "swiss"]
[EventRounds "7"]
[EventCountry "WLS"]

1. d4 {[%emt 0:00:02]} d5 {[%emt 0:00:18]} 2. Nf3 {[%emt 0:00:11]} e6 {[%emt 0:
00:14]} 3. Bf4 {[%emt 0:00:26]} Nf6 {[%emt 0:00:59]} 4. e3 {[%emt 0:00:19]} Be7
{[%emt 0:00:37]} 5. Bd3 {[%emt 0:01:01]} c5 {[%emt 0:02:35]} 6. c3 {[%emt 0:00:
30]} c4 {[%emt 0:03:09]} 7. Bc2 {[%emt 0:00:12]} b5 {[%emt 0:00:11]} 8. Ne5 {
[%emt 0:00:28]} Bb7 {[%emt 0:00:30]} 9. Nd2 {[%emt 0:00:21]} Nc6 {[%emt 0:00:
10]} 10. O-O {[%emt 0:01:37]} O-O {[%emt 0:06:52]} 11. Qf3 {[%emt 0:00:19]} g6
{[%emt 0:06:28]} 12. Qh3 {[%emt 0:06:43]} Nh5 {[%emt 0:02:07]} 13. Bh6 {
[%emt 0:02:04]} Ng7 {[%emt 0:01:04]} 14. f4 {[%emt 0:00:56]} Nxe5 {[%emt 0:03:
11]} 15. dxe5 {[%emt 0:03:08]} Bc5 {[%emt 0:06:57]} 16. Rae1 {[%emt 0:03:05]}
Re8 {[%emt 0:09:31]} 17. g4 {[%emt 0:05:55]} b4 {[%emt 0:10:34]} 18. Nf3 {
[%emt 0:01:12]} bxc3 {[%emt 0:04:12]} 19. bxc3 {[%emt 0:00:34]} Qa5 {[%emt 0:
01:44]} 20. Ng5 {[%emt 0:03:03]} Be7 {[%emt 0:07:21]} 21. Bxg7 {[%emt 0:05:24]}
Bxg5 {[%emt 0:00:09]} 22. fxg5 {[%emt 0:00:22]} 1-0

[Event "2019 Tom Weston Open Major"]
[Site "Cardiff"]
[Date "2019.04.19"]
[Round "2.7"]
[White "Watkins, Peter"]
[Black "Phillips, William"]
[Result "0-1"]
[WhiteElo "1570"]
[BlackElo "1843"]
[PlyCount "124"]
[EventDate "2019.04.19"]
[EventType "swiss"]
[EventRounds "7"]
[EventCountry "WLS"]

1. d4 {[%emt 0:00:07]} Nf6 {[%emt 0:02:01]} 2. c4 {[%emt 0:00:35]} e6 {[%emt 0:
00:35]} 3. Nc3 {[%emt 0:01:24]} d5 {[%emt 0:00:24]} 4. Bg5 {[%emt 0:01:42]} Be7
{[%emt 0:00:45]} 5. e3 {[%emt 0:02:22]} h6 {[%emt 0:01:32]} 6. Bxf6 {[%emt 0:
02:06]} Bxf6 {[%emt 0:00:12]} 7. cxd5 {[%emt 0:00:31]} exd5 {[%emt 0:00:07]} 8.
Nf3 {[%emt 0:00:24]} O-O {[%emt 0:01:30]} 9. Be2 {[%emt 0:01:58]} c6 {[%emt 0:
10:07]} 10. O-O {[%emt 0:03:13]} Re8 {[%emt 0:01:43]} 11. h3 {[%emt 0:04:32]}
Bf5 {[%emt 0:02:38]} 12. Bd3 {[%emt 0:01:47]} Bxd3 {[%emt 0:03:51]} 13. Qxd3 {
[%emt 0:00:16]} Nd7 {[%emt 0:00:04]} 14. Rac1 {[%emt 0:05:05]} Nf8 {[%emt 0:01:
51]} 15. Ne2 {[%emt 0:05:44]} Ne6 {[%emt 0:06:06]} 16. Ng3 {[%emt 0:02:22]} g6
{[%emt 0:01:07]} 17. Rfe1 {[%emt 0:03:56]} Rc8 {[%emt 0:12:17]} 18. b4 {
[%emt 0:03:30]} a6 {[%emt 0:02:38]} 19. Rc2 {[%emt 0:03:14]} Rc7 {[%emt 0:02:
31]} 20. Rec1 {[%emt 0:01:53]} Be7 {[%emt 0:03:06]} 21. a3 {[%emt 0:02:31]} Bd6
{[%emt 0:00:41]} 22. Ne5 {[%emt 0:03:41]} Bxe5 {[%emt 0:01:41]} 23. dxe5 {
[%emt 0:00:11]} Qg5 {[%emt 0:01:43]} 24. Qc3 {[%emt 0:07:26]} Ng7 {[%emt 0:03:
49]} 25. e4 {[%emt 0:02:14]} Qxe5 {[%emt 0:09:19]} 26. Qxe5 {[%emt 0:05:13]}
Rxe5 {[%emt 0:00:41]} 27. exd5 {[%emt 0:00:13]} Rxd5 {[%emt 0:03:09]} 28. Ne4 {
[%emt 0:02:28]} Re5 {[%emt 0:02:55]} 29. Nf6+ {[%emt 0:02:26]} Kf8 {[%emt 0:03:
30]} 30. Ng4 {[%emt 0:02:02]} Rd5 {[%emt 0:00:24]} 31. Rc3 {[%emt 0:02:50]} Nf5
{[%emt 0:04:41]} 32. Ne3 {[%emt 0:03:25]} Nxe3 {[%emt 0:00:53]} 33. Rxe3 {
[%emt 0:00:10]} Rcd7 {[%emt 0:00:54]} 34. Kf1 {[%emt 0:01:19]} Rd1+ {[%emt 0:
05:00]} 35. Rxd1 {[%emt 0:01:07]} Rxd1+ {[%emt 0:00:02]} 36. Ke2 {[%emt 0:00:
15]} Rd6 {[%emt 0:00:27]} 37. Kf1 {[%emt 0:04:13]} Re6 {[%emt 0:00:34]} 38. Rd3
{[%emt 0:01:25]} Ke7 {[%emt 0:00:07]} 39. f3 {[%emt 0:00:47]} h5 {[%emt 0:04:
59]} 40. Kf2 {[%emt 0:00:32]} h4 {[%emt 0:01:25]} 41. a4 {[%emt 0:04:03]} f6 {
[%emt 0:06:07]} 42. Rc3 {[%emt 0:01:26]} Re5 {[%emt 0:01:26]} 43. Rc4 {[%emt 0:
01:43]} g5 {[%emt 0:00:53]} 44. g3 {[%emt 0:01:47]} hxg3+ {[%emt 0:01:13]} 45.
Kxg3 {[%emt 0:00:55]} Kd6 {[%emt 0:10:40]} 46. h4 {[%emt 0:01:35]} gxh4+ {
[%emt 0:00:37]} 47. Rxh4 {[%emt 0:00:24]} a5 {[%emt 0:03:58]} 48. bxa5 {
[%emt 0:03:15]} Rxa5 {[%emt 0:01:50]} 49. Rb4 {[%emt 0:00:44]} b5 {[%emt 0:01:
40]} 50. axb5 {[%emt 0:00:23]} Rxb5 {[%emt 0:00:06]} 51. Rf4 {[%emt 0:00:29]}
Rg5+ {[%emt 0:01:43]} 52. Kf2 {[%emt 0:00:22]} Ke6 {[%emt 0:00:16]} 53. Rc4 {
[%emt 0:01:04]} c5 {[%emt 0:00:28]} 54. f4 {[%emt 0:01:53]} Rh5 {[%emt 0:01:34]
} 55. Kf3 {[%emt 0:00:39]} Kd5 {[%emt 0:00:40]} 56. Ra4 {[%emt 0:00:29]} f5 {
[%emt 0:00:31]} 57. Ra5 {[%emt 0:00:49]} Kd4 {[%emt 0:00:47]} 58. Ra8 {[%emt 0:
00:29]} c4 {[%emt 0:00:56]} 59. Rd8+ {[%emt 0:00:39]} Kc3 {[%emt 0:00:23]} 60.
Rc8 {[%emt 0:00:39]} Kd3 {[%emt 0:00:28]} 61. Rd8+ {[%emt 0:00:23]} Kc2 {
[%emt 0:00:08]} 62. Ke3 {[%emt 0:00:34]} Rh3+ {[%emt 0:01:08]} 0-1

[Event "2019 Tom Weston Open Major"]
[Site "Cardiff"]
[Date "2019.04.19"]
[Round "2.8"]
[White "Hurn, Robert Aj"]
[Black "Borkowski, J Andrew"]
[Result "1/2-1/2"]
[WhiteElo "1623"]
[BlackElo "1796"]
[PlyCount "41"]
[EventDate "2019.04.19"]
[EventType "swiss"]
[EventRounds "7"]
[EventCountry "WLS"]

1. d4 {[%emt 0:00:03]} d6 {[%emt 0:00:06]} 2. Nf3 {[%emt 0:00:13]} Bg4 {
[%emt 0:00:07]} 3. c4 {[%emt 0:00:52]} Bxf3 {[%emt 0:00:08]} 4. exf3 {[%emt 0:
00:31]} Nd7 {[%emt 0:00:47]} 5. Nc3 {[%emt 0:00:53]} e5 {[%emt 0:01:33]} 6. Be2
{[%emt 0:03:12]} exd4 {[%emt 0:01:07]} 7. Qxd4 {[%emt 0:00:17]} Qf6 {[%emt 0:
00:30]} 8. Be3 {[%emt 0:01:40]} Qxd4 {[%emt 0:00:12]} 9. Bxd4 {[%emt 0:00:06]}
a6 {[%emt 0:01:10]} 10. O-O {[%emt 0:00:58]} Ngf6 {[%emt 0:01:04]} 11. Rfe1 {
[%emt 0:00:53]} O-O-O {[%emt 0:00:58]} 12. Bd3 {[%emt 0:04:40]} Re8 {[%emt 0:
06:31]} 13. Rxe8+ {[%emt 0:02:20]} Nxe8 {[%emt 0:00:07]} 14. Re1 {[%emt 0:00:
31]} Nef6 {[%emt 0:05:48]} 15. Ne4 {[%emt 0:03:13]} Nxe4 {[%emt 0:07:07]} 16.
fxe4 {[%emt 0:01:28]} Ne5 {[%emt 0:02:25]} 17. Be2 {[%emt 0:00:40]} f6 {
[%emt 0:03:56]} 18. f4 {[%emt 0:01:00]} Nc6 {[%emt 0:00:21]} 19. Bc3 {[%emt 0:
00:47]} h5 {[%emt 0:01:15]} 20. Bf3 {[%emt 0:00:51]} Kd7 {[%emt 0:04:20]} 21.
Kf2 {[%emt 0:02:43]} 1/2-1/2

[Event "2019 Tom Weston Open Major"]
[Site "Cardiff"]
[Date "2019.04.19"]
[Round "2.9"]
[White "Lewis, David"]
[Black "Blackmore, Simon"]
[Result "1-0"]
[WhiteElo "1558"]
[BlackElo "1738"]
[PlyCount "79"]
[EventDate "2019.04.19"]
[EventType "swiss"]
[EventRounds "7"]
[EventCountry "WLS"]

1. e4 {[%emt 0:00:08]} e5 {[%emt 0:00:03]} 2. Nf3 {[%emt 0:00:17]} Nc6 {
[%emt 0:00:03]} 3. Bb5 {[%emt 0:00:33]} a6 {[%emt 0:00:06]} 4. Bxc6 {[%emt 0:
00:58]} dxc6 {[%emt 0:00:23]} 5. O-O {[%emt 0:00:51]} Bd6 {[%emt 0:00:28]} 6.
Re1 {[%emt 0:08:17]} Bg4 {[%emt 0:01:43]} 7. d3 Ne7 {[%emt 0:05:33]} 8. Be3 Qd7
{[%emt 0:02:09]} 9. Nbd2 h6 {[%emt 0:02:15]} 10. d4 f5 {[%emt 0:10:37]} 11.
dxe5 Bb4 {[%emt 0:05:23]} 12. c3 Ba5 {[%emt 0:01:36]} 13. Nc4 Qxd1 {[%emt 0:12:
29]} 14. Raxd1 Bb6 {[%emt 0:00:31]} 15. Bxb6 cxb6 16. Nxb6 Rb8 {[%emt 0:08:14]}
17. Rd2 {[%emt 0:07:15]} O-O {[%emt 0:00:18]} 18. Nd7 {[%emt 0:00:51]} fxe4 {
[%emt 0:00:53]} 19. Nxf8 {[%emt 0:03:16]} exf3 {[%emt 0:01:56]} 20. gxf3 {
[%emt 0:02:13]} Bxf3 {[%emt 0:01:58]} 21. Nd7 {[%emt 0:00:55]} Re8 {[%emt 0:01:
11]} 22. Nc5 {[%emt 0:05:22]} Nf5 {[%emt 0:01:41]} 23. Rd7 {[%emt 0:01:32]} b6
{[%emt 0:01:15]} 24. Nxa6 {[%emt 0:01:44]} Re6 {[%emt 0:00:26]} 25. Kf1 {
[%emt 0:02:34]} Rg6 {[%emt 0:00:40]} 26. Nc7 {[%emt 0:04:40]} Rg2 {[%emt 0:00:
19]} 27. Re3 {[%emt 0:06:36]} Nxe3+ {[%emt 0:01:01]} 28. fxe3 {[%emt 0:00:02]}
Rxh2 {[%emt 0:03:19]} 29. e6 {[%emt 0:01:01]} Bg4 {[%emt 0:02:28]} 30. Rd8+ {
[%emt 0:00:32]} Kh7 {[%emt 0:00:24]} 31. e7 {[%emt 0:00:12]} Bh5 {[%emt 0:02:
30]} 32. e8=Q Bxe8 33. Nxe8 {[%emt 0:00:19]} Rxb2 {[%emt 0:01:37]} 34. Rd7 Rxa2
{[%emt 0:01:46]} 35. Rxg7+ {[%emt 0:00:23]} Kh8 {[%emt 0:00:12]} 36. Rg6 {
[%emt 0:01:07]} Rc2 {[%emt 0:00:43]} 37. Rxh6+ {[%emt 0:00:24]} Kg8 {[%emt 0:
00:10]} 38. Rxc6 {[%emt 0:00:20]} b5 39. Nd6 b4 40. Rc8+ 1-0

[Event "2019 Tom Weston Open Major"]
[Site "Cardiff"]
[Date "2019.04.19"]
[Round "2.10"]
[White "Harding, Gareth"]
[Black "Simpson, Rui"]
[Result "0-1"]
[WhiteElo "1557"]
[BlackElo "1718"]
[PlyCount "98"]
[EventDate "2019.04.19"]
[EventType "swiss"]
[EventRounds "7"]
[EventCountry "WLS"]

1. d4 {[%emt 0:00:25]} Nf6 {[%emt 0:00:05]} 2. Nc3 {[%emt 0:00:05]} e6 {
[%emt 0:00:15]} 3. Bf4 {[%emt 0:00:17]} d5 {[%emt 0:01:01]} 4. e3 {[%emt 0:00:
15]} c5 {[%emt 0:01:02]} 5. Nb5 {[%emt 0:02:54]} Na6 {[%emt 0:05:34]} 6. Nf3 {
[%emt 0:03:56]} Bd7 {[%emt 0:04:23]} 7. a4 {[%emt 0:02:24]} Be7 {[%emt 0:06:14]
} 8. h3 {[%emt 0:01:41]} O-O {[%emt 0:02:30]} 9. Be2 {[%emt 0:01:27]} Qb6 {
[%emt 0:05:18]} 10. O-O {[%emt 0:03:49]} c4 {[%emt 0:05:38]} 11. a5 {[%emt 0:
05:17]} Qxb5 {[%emt 0:05:11]} 12. b3 {[%emt 0:00:31]} Qc6 {[%emt 0:01:28]} 13.
bxc4 {[%emt 0:00:31]} dxc4 {[%emt 0:01:25]} 14. Ne5 {[%emt 0:01:04]} Qc8 {
[%emt 0:01:32]} 15. Rb1 {[%emt 0:00:42]} Bd6 {[%emt 0:01:23]} 16. Bf3 {[%emt 0:
03:04]} Nd5 {[%emt 0:04:11]} 17. Bxd5 {[%emt 0:02:46]} exd5 {[%emt 0:00:07]}
18. h4 {[%emt 0:01:45]} Qc7 {[%emt 0:02:25]} 19. g4 {[%emt 0:01:32]} f6 {
[%emt 0:01:39]} 20. Nxd7 {[%emt 0:02:50]} Qxd7 {[%emt 0:00:27]} 21. Qf3 {
[%emt 0:04:32]} Bxf4 {[%emt 0:02:43]} 22. exf4 {[%emt 0:01:46]} Rab8 {[%emt 0:
02:04]} 23. f5 {[%emt 0:01:33]} Nc7 {[%emt 0:02:30]} 24. c3 {[%emt 0:02:34]}
Qf7 {[%emt 0:02:35]} 25. Rfe1 {[%emt 0:03:55]} b5 {[%emt 0:03:38]} 26. Re2 {
[%emt 0:02:36]} Ne8 {[%emt 0:01:23]} 27. Rbe1 {[%emt 0:00:41]} Rb7 {[%emt 0:02:
38]} 28. Re6 {[%emt 0:02:48]} Rd7 {[%emt 0:02:34]} 29. Qf4 {[%emt 0:02:40]} Nc7
{[%emt 0:02:28]} 30. R6e3 {[%emt 0:01:47]} Re8 {[%emt 0:03:41]} 31. Rxe8+ {
[%emt 0:05:15]} Nxe8 {[%emt 0:00:02]} 32. Qb8 {[%emt 0:01:11]} Re7 {[%emt 0:03:
41]} 33. Rxe7 {[%emt 0:03:02]} Qxe7 {[%emt 0:00:03]} 34. Qxb5 {[%emt 0:01:27]}
Qf7 {[%emt 0:03:53]} 35. Qb8 {[%emt 0:03:52]} Kf8 {[%emt 0:02:03]} 36. Qb5 {
[%emt 0:09:15]} h6 {[%emt 0:03:44]} 37. Qc5+ {[%emt 0:03:12]} Kg8 {[%emt 0:00:
31]} 38. Qc8 {[%emt 0:01:43]} Kh7 {[%emt 0:00:48]} 39. h5 {[%emt 0:02:30]} Nd6
{[%emt 0:01:05]} 40. Qb8 {[%emt 0:04:16]} Ne4 {[%emt 0:01:04]} 41. Qb4 {
[%emt 0:01:50]} Qc7 {[%emt 0:02:06]} 42. Kg2 {[%emt 0:07:03]} Qf4 {[%emt 0:01:
41]} 43. Qb2 {[%emt 0:04:08]} Qxg4+ {[%emt 0:00:17]} 44. Kf1 {[%emt 0:03:24]}
Qxf5 {[%emt 0:01:11]} 45. a6 {[%emt 0:02:03]} Qh3+ {[%emt 0:02:06]} 46. Ke1 {
[%emt 0:00:52]} Qh1+ {[%emt 0:02:52]} 47. Ke2 {[%emt 0:01:15]} Qxh5+ {[%emt 0:
00:04]} 48. Ke1 {[%emt 0:01:15]} Qf3 {[%emt 0:01:52]} 49. Qc2 {[%emt 0:01:10]}
Qxc3+ {[%emt 0:00:18]} 0-1

[Event "2019 Tom Weston Open Major"]
[Site "Cardiff"]
[Date "2019.04.19"]
[Round "2.11"]
[White "White, Sam"]
[Black "Morgans, Justin"]
[Result "0-1"]
[WhiteElo "1498"]
[BlackElo "1660"]
[PlyCount "56"]
[EventDate "2019.04.19"]
[EventType "swiss"]
[EventRounds "7"]
[EventCountry "WLS"]

1. d4 {[%emt 0:00:17]} d5 {[%emt 0:00:16]} 2. Bf4 {[%emt 0:00:12]} Nf6 {
[%emt 0:00:52]} 3. Nf3 {[%emt 0:00:30]} e6 {[%emt 0:00:48]} 4. Nbd2 {[%emt 0:
01:09]} c5 {[%emt 0:01:10]} 5. e3 {[%emt 0:00:51]} Nc6 {[%emt 0:00:33]} 6. c3 {
[%emt 0:00:25]} Bd6 {[%emt 0:00:47]} 7. Ne5 {[%emt 0:01:15]} cxd4 {[%emt 0:01:
39]} 8. exd4 {[%emt 0:00:20]} Qc7 {[%emt 0:01:07]} 9. Ndf3 {[%emt 0:03:36]} O-O
{[%emt 0:03:48]} 10. Bd3 {[%emt 0:06:50]} Bd7 {[%emt 0:03:05]} 11. O-O {
[%emt 0:01:02]} Ne4 {[%emt 0:04:53]} 12. Re1 {[%emt 0:03:18]} f5 {[%emt 0:01:
50]} 13. Nxd7 {[%emt 0:01:13]} Qxd7 {[%emt 0:00:17]} 14. Bxd6 {[%emt 0:16:46]}
Qxd6 {[%emt 0:02:36]} 15. Ne5 {[%emt 0:07:16]} Nxe5 {[%emt 0:10:16]} 16. dxe5 {
[%emt 0:03:44]} Qc5 {[%emt 0:00:11]} 17. Bxe4 {[%emt 0:01:22]} fxe4 {[%emt 0:
00:15]} 18. Re3 {[%emt 0:00:38]} Rf5 {[%emt 0:03:00]} 19. Qd2 {[%emt 0:06:26]}
Raf8 {[%emt 0:03:01]} 20. Rf1 {[%emt 0:03:46]} Rxe5 {[%emt 0:04:58]} 21. Qe2 {
[%emt 0:09:42]} Ref5 {[%emt 0:07:00]} 22. Kh1 {[%emt 0:05:39]} R8f6 {[%emt 0:
09:38]} 23. b3 {[%emt 0:02:38]} Qf8 {[%emt 0:10:18]} 24. Kg1 {[%emt 0:00:40]}
Qc5 {[%emt 0:00:12]} 25. Kh1 {[%emt 0:00:03]} b5 {[%emt 0:02:40]} 26. Qd2 {
[%emt 0:04:20]} h6 {[%emt 0:05:02]} 27. Qd4 {[%emt 0:01:42]} Qxd4 {[%emt 0:01:
22]} 28. cxd4 {[%emt 0:00:03]} Rxf2 {[%emt 0:03:29]} 0-1